000 00313nam a2200133 i 4500
001 bg
100 1 _aMICHAJLOV, A. T.
245 0 _aPodstawy informacji naukowej /
_cA.T. Michajłow.
260 _aWarszawa,
_c1968.
040 _cBPK
041 _apol
942 _cKS
008 s pl f |000 0 pol
999 _c11451
_d11451
856 _uhttp://koha.tu.koszalin.pl/cgi-bin/koha/opac-detail.pl?biblionumber=11451
_yKatalog online BPK